| 000 | 00400nam a22001697a 4500 | ||
|---|---|---|---|
| 005 | 20160616103828.0 | ||
| 008 | 160616b xxu||||| |||| 00| 0 eng d | ||
| 020 | _a978-81-81314-2118-5 | ||
| 041 | _aeng | ||
| 082 | _b7910 | ||
| 100 |
_aMuthu Kumar, R _92056 |
||
| 245 | _aCase Studieson corporate governance | ||
| 260 | _bICPAI BOOKS | ||
| 300 | _a251 | ||
| 650 |
_aManagement _9241 |
||
| 942 | _cBK | ||
| 999 |
_c2880 _d2879 |
||